Alternative dispute resolution : a developing world perspective

Bibliographic Details
Main Author: Fiadjoe, Albert K. (Author)
Format: Book
Published: London : Cavendish Publishing Limited , c2004
Subjects:

MARC

LEADER 00000cam a2200000 7i4500
001 0000008361
005 20171130093000.0
008 021119s2004
020 |a 859419127 
050 0 0 |a d9 K2390   |b .F52 2004 
090 0 0 |a d9 K2390   |b .F52 2004 
100 1 |a Fiadjoe, Albert K. ,   |e author 
245 1 0 |a Alternative dispute resolution :   |b a developing world perspective   |c Albert Fiadjoe 
260 |a London :   |b Cavendish Publishing Limited ,   |c c2004 
300 |a x, 164 p. ;   |c 25 cm. 
504 |a Includes bibliographical references and index 
650 0 |a Dispute resolution (Law) 
999 |a 1000105817   |b Book   |c OPEN SHELF (30 DAYS)   |e Gong Badak Campus